[Event "25th 4NCL Congress"]
[Site "Leamington Spa, United Kingdom"]
[Date "2021.07.10"]
[Round "3.10"]
[White "Finn, Peter"]
[Black "Bin-Suhayl, Ieysaa"]
[Result "0-1"]
[TimeControl "All moves in 90 minutes + 30 seconds per move"]
[WhiteElo "1959"]
[BlackElo "2223"]

1. e4 {[%clk 01:30:57]} {[%emt 00:00:01]} e6 {[%clk 01:30:36]} {[%emt
00:00:25]} 2. d4 {[%clk 01:31:22]} {[%emt 00:00:05]} d5 {[%clk 01:31:04]}
{[%emt 00:00:02]} 3. Nc3 {[%clk 01:31:46]} {[%emt 00:00:05]} Nf6 {[%clk
01:31:32]} {[%emt 00:00:02]} 4. e5 {[%clk 01:32:11]} {[%emt 00:00:05]} Nfd7
{[%clk 01:32:00]} {[%emt 00:00:03]} 5. f4 {[%clk 01:32:33]} {[%emt 00:00:07]}
c5 {[%clk 01:32:28]} {[%emt 00:00:03]} 6. Nf3 {[%clk 01:32:58]} {[%emt
00:00:05]} Nc6 {[%clk 01:32:56]} {[%emt 00:00:02]} 7. Be3 {[%clk 01:33:21]}
{[%emt 00:00:06]} a6 {[%clk 01:33:24]} {[%emt 00:00:02]} 8. Qd2 {[%clk
01:33:45]} {[%emt 00:00:07]} b5 {[%clk 01:33:53]} {[%emt 00:00:01]} 9. a3
{[%clk 01:34:09]} {[%emt 00:00:07]} Qa5 {[%clk 01:31:49]} {[%emt 00:02:33]} 10.
dxc5 {[%clk 01:33:04]} {[%emt 00:01:34]} Bxc5 {[%clk 01:32:06]} {[%emt
00:00:14]} 11. Bxc5 {[%clk 01:33:04]} {[%emt 00:00:30]} Nxc5 {[%clk 01:32:32]}
{[%emt 00:00:04]} 12. Nd4 {[%clk 01:33:18]} {[%emt 00:00:15]} Nxd4 {[%clk
01:18:11]} {[%emt 00:14:49]} 13. Qxd4 {[%clk 01:33:44]} {[%emt 00:00:07]} Ne4
{[%clk 01:18:37]} {[%emt 00:00:05]} 14. b4 {[%clk 01:24:15]} {[%emt 00:09:59]}
Qc7 {[%clk 01:19:04]} {[%emt 00:00:04]} 15. Nxe4 {[%clk 01:24:34]} {[%emt
00:00:10]} dxe4 {[%clk 01:19:29]} {[%emt 00:00:04]} 16. c4 {[%clk 01:23:04]}
{[%emt 00:02:00]} Qc6 {[%clk 00:51:38]} {[%emt 00:28:22]} 17. Be2 {[%clk
01:07:17]} {[%emt 00:16:17]} bxc4 {[%clk 00:45:19]} {[%emt 00:06:49]} 18. O-O
{[%clk 01:02:16]} {[%emt 00:05:30]} Bb7 {[%clk 00:43:57]} {[%emt 00:01:53]} 19.
Qxc4 {[%clk 00:50:26]} {[%emt 00:12:20]} Qxc4 {[%clk 00:43:17]} {[%emt
00:01:10]} 20. Bxc4 {[%clk 00:50:50]} {[%emt 00:00:05]} Ke7 {[%clk 00:42:48]}
{[%emt 00:01:00]} 21. Rfd1 {[%clk 00:45:01]} {[%emt 00:06:18]} Rac8 {[%clk
00:36:23]} {[%emt 00:06:55]} 22. Bf1 {[%clk 00:40:20]} {[%emt 00:05:11]} Rc3
{[%clk 00:22:37]} {[%emt 00:14:17]} 23. Rd6 {[%clk 00:37:29]} {[%emt 00:03:21]}
Ra8 {[%clk 00:23:04]} {[%emt 00:00:04]} 24. Rb6 {[%clk 00:31:28]} {[%emt
00:06:30]} Ra7 {[%clk 00:23:32]} {[%emt 00:00:03]} 25. a4 {[%clk 00:31:09]}
{[%emt 00:00:48]} e3 {[%clk 00:23:17]} {[%emt 00:00:45]} 26. Re1 {[%clk
00:27:07]} {[%emt 00:04:32]} h6 {[%clk 00:23:01]} {[%emt 00:00:46]} 27. a5
{[%clk 00:26:00]} {[%emt 00:01:36]} g5 {[%clk 00:22:58]} {[%emt 00:00:33]} 28.
g3 {[%clk 00:24:58]} {[%emt 00:01:32]} gxf4 {[%clk 00:22:38]} {[%emt 00:00:51]}
29. gxf4 {[%clk 00:25:19]} {[%emt 00:00:08]} f6 {[%clk 00:19:04]} {[%emt
00:04:05]} 30. Bg2 {[%clk 00:10:31]} {[%emt 00:15:17]} Bc8 {[%clk 00:12:56]}
{[%emt 00:06:38]} 31. Be4 {[%clk 00:05:15]} {[%emt 00:05:45]} Rd7 {[%clk
00:11:47]} {[%emt 00:01:40]} 32. Rc6 {[%clk 00:01:03]} {[%emt 00:04:42]} Rxc6
{[%clk 00:07:47]} {[%emt 00:04:30]} 33. Bxc6 {[%clk 00:01:31]} {[%emt
00:00:02]} Rd4 {[%clk 00:08:11]} {[%emt 00:00:06]} 34. b5 {[%clk 00:01:45]}
{[%emt 00:00:16]} axb5 {[%clk 00:08:36]} {[%emt 00:00:06]} 35. Bxb5 {[%clk
00:02:03]} {[%emt 00:00:12]} fxe5 {[%clk 00:08:39]} {[%emt 00:00:27]} 36. fxe5
{[%clk 00:02:05]} {[%emt 00:00:27]} Rd5 {[%clk 00:08:26]} {[%emt 00:00:43]} 37.
Bc4 {[%clk 00:01:52]} {[%emt 00:00:42]} Rc5 {[%clk 00:07:25]} {[%emt 00:01:32]}
38. Bd3 {[%clk 00:01:37]} {[%emt 00:00:45]} Rxe5 {[%clk 00:07:41]} {[%emt
00:00:13]} 39. a6 {[%clk 00:01:37]} {[%emt 00:00:31]} Rg5+ {[%clk 00:06:14]}
{[%emt 00:01:57]} 40. Kf1 {[%clk 00:01:27]} {[%emt 00:00:40]} Rd5 {[%clk
00:02:59]} {[%emt 00:03:46]} 41. Bc4 {[%clk 00:00:33]} {[%emt 00:01:23]} Rf5+
{[%clk 00:02:19]} {[%emt 00:01:09]} 42. Ke2 {[%clk 00:00:31]} {[%emt 00:00:33]}
Ra5 {[%clk 00:01:58]} {[%emt 00:00:50]} 43. Kxe3 {[%clk 00:00:48]} {[%emt
00:00:13]} Bxa6 {[%clk 00:02:22]} {[%emt 00:00:07]} 44. Bxa6 {[%clk 00:01:12]}
{[%emt 00:00:05]} Rxa6 {[%clk 00:02:50]} {[%emt 00:00:02]} 45. Re2 {[%clk
00:01:03]} {[%emt 00:00:39]} Ra3+ {[%clk 00:03:08]} {[%emt 00:00:12]} 46. Ke4
{[%clk 00:01:20]} {[%emt 00:00:13]} Rh3 {[%clk 00:03:23]} {[%emt 00:00:15]} 47.
Ra2 {[%clk 00:01:39]} {[%emt 00:00:12]} Rh4+ {[%clk 00:03:41]} {[%emt
00:00:11]} 48. Ke5 {[%clk 00:02:03]} {[%emt 00:00:05]} Rh5+ {[%clk 00:04:08]}
{[%emt 00:00:03]} 49. Ke4 {[%clk 00:02:28]} {[%emt 00:00:05]} Kf6 {[%clk
00:04:17]} {[%emt 00:00:21]} 50. Rf2+ {[%clk 00:02:33]} {[%emt 00:00:26]} Rf5
{[%clk 00:04:07]} {[%emt 00:00:40]} 51. Ra2 {[%clk 00:02:58]} {[%emt 00:00:05]}
Rf1 {[%clk 00:03:10]} {[%emt 00:01:27]} 52. Rb2 {[%clk 00:02:35]} {[%emt
00:00:53]} Kg5 {[%clk 00:02:28]} {[%emt 00:01:12]} 53. Rg2+ {[%clk 00:02:12]}
{[%emt 00:00:53]} Kh4 {[%clk 00:02:14]} {[%emt 00:00:44]} 54. Rg6 {[%clk
00:01:20]} {[%emt 00:01:22]} Re1+ {[%clk 00:02:39]} {[%emt 00:00:05]} 55. Kf3
{[%clk 00:01:37]} {[%emt 00:00:12]} h5 {[%clk 00:02:58]} {[%emt 00:00:12]} 56.
Kf2 {[%clk 00:01:32]} {[%emt 00:00:35]} Re5 {[%clk 00:02:44]} {[%emt 00:00:44]}
57. Rh6 {[%clk 00:00:35]} {[%emt 00:01:28]} Kh3 {[%clk 00:02:43]} {[%emt
00:00:30]} 58. Kg1 {[%clk 00:00:38]} {[%emt 00:00:26]} h4 {[%clk 00:02:19]}
{[%emt 00:00:55]} 59. Kf2 {[%clk 00:00:48]} {[%emt 00:00:20]} Rf5+ {[%clk
00:02:33]} {[%emt 00:00:15]} 60. Ke3 {[%clk 00:00:41]} {[%emt 00:00:38]} e5
{[%clk 00:01:46]} {[%emt 00:01:18]} 61. Ke4 {[%clk 00:00:33]} {[%emt 00:00:38]}
Rg5 {[%clk 00:02:13]} {[%emt 00:00:03]} 62. Rh8 {[%clk 00:00:42]} {[%emt
00:00:22]} Rg4+ {[%clk 00:01:16]} {[%emt 00:01:26]} 63. Kxe5 {[%clk 00:01:07]}
{[%emt 00:00:05]} Kxh2 {[%clk 00:01:44]} {[%emt 00:00:02]} 64. Kf5 {[%clk
00:00:54]} {[%emt 00:00:42]} Kg3 {[%clk 00:01:39]} {[%emt 00:00:36]} 65. Ra8
{[%clk 00:00:46]} {[%emt 00:00:38]} Rf4+ {[%clk 00:02:01]} {[%emt 00:00:08]} 66.
Ke5 {[%clk 00:00:49]} {[%emt 00:00:27]} h3 {[%clk 00:01:50]} {[%emt 00:00:41]}
67. Rg8+ {[%clk 00:00:57]} {[%emt 00:00:22]} Rg4 {[%clk 00:02:15]} {[%emt
00:00:05]} 68. Ra8 {[%clk 00:01:15]} {[%emt 00:00:12]} h2 {[%clk 00:02:42]}
{[%emt 00:00:04]} 69. Ra3+ {[%clk 00:01:27]} {[%emt 00:00:17]} Kh4 {[%clk
00:01:52]} {[%emt 00:01:19]} 70. Ra8 {[%clk 00:01:35]} {[%emt 00:00:23]} Rg5+
{[%clk 00:02:18]} {[%emt 00:00:04]} 0-1

[Event "25th 4NCL Congress"]
[Site "Leamington Spa, United Kingdom"]
[Date "2021.07.10"]
[Round "3.11"]
[White "Willmoth, Robert F"]
[Black "Freeland, Alexander"]
[Result "1-0"]
[TimeControl "All moves in 90 minutes + 30 seconds per move"]
[WhiteElo "2103"]
[BlackElo "2003"]

1. d4 {[%clk 01:30:57]} {[%emt 00:00:02]} Nf6 {[%clk 01:30:56]} {[%emt
00:00:06]} 2. Nf3 {[%clk 01:31:20]} {[%emt 00:00:06]} e6 {[%clk 01:31:20]}
{[%emt 00:00:06]} 3. Bg5 {[%clk 01:31:41]} {[%emt 00:00:07]} c5 {[%clk
01:27:46]} {[%emt 00:04:06]} 4. e3 {[%clk 01:32:03]} {[%emt 00:00:08]} Nc6
{[%clk 01:24:27]} {[%emt 00:03:49]} 5. Nbd2 {[%clk 01:28:38]} {[%emt 00:03:55]}
d5 {[%clk 01:22:51]} {[%emt 00:02:07]} 6. c3 {[%clk 01:28:27]} {[%emt
00:00:40]} Be7 {[%clk 01:21:35]} {[%emt 00:01:46]} 7. Bd3 {[%clk 01:28:50]}
{[%emt 00:00:06]} Qb6 {[%clk 01:21:20]} {[%emt 00:00:46]} 8. Rb1 {[%clk
01:26:34]} {[%emt 00:02:46]} O-O {[%clk 01:19:35]} {[%emt 00:02:14]} 9. O-O
{[%clk 01:26:38]} {[%emt 00:00:27]} h6 {[%clk 01:19:19]} {[%emt 00:00:46]} 10.
Bh4 {[%clk 01:22:26]} {[%emt 00:04:41]} Bd7 {[%clk 01:10:15]} {[%emt 00:09:35]}
11. Ne5 {[%clk 01:19:54]} {[%emt 00:03:01]} Rfd8 {[%clk 01:09:19]} {[%emt
00:01:27]} 12. Qf3 {[%clk 01:17:16]} {[%emt 00:03:06]} Rac8 {[%clk 01:06:37]}
{[%emt 00:03:14]} 13. Qh3 {[%clk 01:13:07]} {[%emt 00:04:38]} Kf8 {[%clk
00:58:43]} {[%emt 00:08:25]} 14. f4 {[%clk 01:08:00]} {[%emt 00:05:36]} cxd4
{[%clk 00:53:59]} {[%emt 00:05:15]} 15. exd4 {[%clk 01:08:06]} {[%emt
00:00:23]} Ng8 {[%clk 00:49:32]} {[%emt 00:04:57]} 16. Kh1 {[%clk 01:03:32]}
{[%emt 00:05:03]} f5 {[%clk 00:40:15]} {[%emt 00:09:47]} 17. g4 {[%clk
00:56:47]} {[%emt 00:07:14]} Nxe5 {[%clk 00:37:52]} {[%emt 00:02:55]} 18. fxe5
{[%clk 00:56:11]} {[%emt 00:01:06]} g6 {[%clk 00:37:00]} {[%emt 00:01:22]} 19.
gxf5 {[%clk 00:53:58]} {[%emt 00:02:43]} exf5 {[%clk 00:31:57]} {[%emt
00:05:32]} 20. Nb3 {[%clk 00:42:45]} {[%emt 00:11:43]} Kg7 {[%clk 00:27:45]}
{[%emt 00:04:44]} 21. Nc5 {[%clk 00:40:03]} {[%emt 00:03:11]} Be6 {[%clk
00:18:56]} {[%emt 00:09:20]} 22. Rf3 {[%clk 00:30:45]} {[%emt 00:09:47]} Rf8
{[%clk 00:17:25]} {[%emt 00:02:02]} 23. Bf2 {[%clk 00:26:12]} {[%emt 00:05:02]}
Bxc5 {[%clk 00:15:57]} {[%emt 00:01:59]} 24. dxc5 {[%clk 00:26:36]} {[%emt
00:00:06]} Qc7 {[%clk 00:15:32]} {[%emt 00:00:56]} 25. Bd4 {[%clk 00:25:39]}
{[%emt 00:01:26]} Ne7 {[%clk 00:15:45]} {[%emt 00:00:18]} 26. b4 {[%clk
00:21:11]} {[%emt 00:04:57]} g5 {[%clk 00:14:19]} {[%emt 00:01:57]} 27. Rg1
{[%clk 00:20:00]} {[%emt 00:01:40]} Qd7 {[%clk 00:13:24]} {[%emt 00:01:26]} 28.
Qh5 {[%clk 00:17:32]} {[%emt 00:02:56]} a6 {[%clk 00:06:47]} {[%emt 00:07:08]}
29. Rh3 {[%clk 00:15:42]} {[%emt 00:02:19]} Rh8 {[%clk 00:06:18]} {[%emt
00:01:00]} 30. Rxg5+ {[%clk 00:14:20]} {[%emt 00:01:52]} Kf8 {[%clk 00:04:50]}
{[%emt 00:01:58]} 31. Rg2 {[%clk 00:13:09]} {[%emt 00:01:40]} Rg8 {[%clk
00:03:10]} {[%emt 00:02:12]} 32. Qxh6+ {[%clk 00:13:10]} {[%emt 00:00:27]} Ke8
{[%clk 00:03:39]} {[%emt 00:00:02]} 33. Rxg8+ {[%clk 00:13:02]} {[%emt
00:00:38]} Nxg8 {[%clk 00:04:08]} {[%emt 00:00:02]} 34. Qg6+ {[%clk 00:12:45]}
{[%emt 00:00:46]} Kd8 {[%clk 00:04:00]} {[%emt 00:00:38]} 35. Rh7 {[%clk
00:12:03]} {[%emt 00:01:11]} Ne7 {[%clk 00:03:34]} {[%emt 00:00:57]} 36. Qf6
{[%clk 00:10:56]} {[%emt 00:01:37]} Rc7 {[%clk 00:02:21]} {[%emt 00:01:44]} 37.
Rh8+ {[%clk 00:10:13]} {[%emt 00:01:12]} Bg8 {[%clk 00:02:44]} {[%emt
00:00:07]} 38. Rxg8+ {[%clk 00:10:37]} {[%emt 00:00:06]} 1-0

[Event "25th 4NCL Congress"]
[Site "Leamington Spa, United Kingdom"]
[Date "2021.07.10"]
[Round "3.12"]
[White "Menzies, Colin W"]
[Black "Gogia, Armaan"]
[Result "1-0"]
[TimeControl "All moves in 90 minutes + 30 seconds per move"]
[WhiteElo "2185"]
[BlackElo "1891"]

1. d4 {[%clk 01:30:57]} {[%emt 00:00:03]} Nf6 {[%clk 01:30:55]} {[%emt
00:00:05]} 2. c4 {[%clk 01:31:23]} {[%emt 00:00:04]} g6 {[%clk 01:31:19]}
{[%emt 00:00:06]} 3. Nc3 {[%clk 01:31:44]} {[%emt 00:00:08]} Bg7 {[%clk
01:31:46]} {[%emt 00:00:04]} 4. e4 {[%clk 01:32:09]} {[%emt 00:00:06]} d6
{[%clk 01:32:13]} {[%emt 00:00:02]} 5. Nge2 {[%clk 01:32:34]} {[%emt 00:00:04]}
O-O {[%clk 01:29:26]} {[%emt 00:03:18]} 6. Ng3 {[%clk 01:33:01]} {[%emt
00:00:03]} c5 {[%clk 01:25:25]} {[%emt 00:04:31]} 7. d5 {[%clk 01:33:21]}
{[%emt 00:00:10]} e6 {[%clk 01:24:24]} {[%emt 00:01:32]} 8. Be2 {[%clk
01:33:21]} {[%emt 00:00:29]} exd5 {[%clk 01:24:38]} {[%emt 00:00:16]} 9. cxd5
{[%clk 01:33:45]} {[%emt 00:00:07]} a6 {[%clk 01:22:56]} {[%emt 00:02:12]} 10.
a4 {[%clk 01:34:08]} {[%emt 00:00:06]} Re8 {[%clk 01:21:17]} {[%emt 00:02:09]}
11. h4 {[%clk 01:30:58]} {[%emt 00:03:39]} h5 {[%clk 01:21:30]} {[%emt
00:00:17]} 12. Bg5 {[%clk 01:30:27]} {[%emt 00:01:01]} Nbd7 {[%clk 01:17:11]}
{[%emt 00:04:50]} 13. f4 {[%clk 01:28:18]} {[%emt 00:02:39]} Qa5 {[%clk
01:14:26]} {[%emt 00:03:15]} 14. e5 {[%clk 01:24:32]} {[%emt 00:04:16]} Nh7
{[%clk 00:54:04]} {[%emt 00:20:53]} 15. Qc2 {[%clk 01:20:24]} {[%emt 00:04:38]}
Nxe5 {[%clk 00:41:30]} {[%emt 00:13:04]} 16. fxe5 {[%clk 01:19:49]} {[%emt
00:01:04]} Bxe5 {[%clk 00:41:07]} {[%emt 00:00:54]} 17. Nge4 {[%clk 00:53:44]}
{[%emt 00:26:34]} Bf5 {[%clk 00:39:10]} {[%emt 00:02:29]} 18. Bd2 {[%clk
00:53:52]} {[%emt 00:00:21]} Bxc3 {[%clk 00:39:00]} {[%emt 00:00:40]} 19. Qxc3
{[%clk 00:54:15]} {[%emt 00:00:08]} Qxc3 {[%clk 00:36:26]} {[%emt 00:03:03]} 20.
Nxc3 {[%clk 00:54:31]} {[%emt 00:00:14]} Bg4 {[%clk 00:32:29]} {[%emt
00:04:27]} 21. Kf2 {[%clk 00:49:31]} {[%emt 00:05:29]} Bxe2 {[%clk 00:31:19]}
{[%emt 00:01:41]} 22. Nxe2 {[%clk 00:50:00]} {[%emt 00:00:02]} Nf6 {[%clk
00:31:48]} {[%emt 00:00:01]} 23. Nc3 {[%clk 00:49:44]} {[%emt 00:00:45]} Re5
{[%clk 00:25:53]} {[%emt 00:06:25]} 24. Rhe1 {[%clk 00:47:36]} {[%emt
00:02:37]} Rf5+ {[%clk 00:22:19]} {[%emt 00:04:04]} 25. Kg1 {[%clk 00:47:18]}
{[%emt 00:00:48]} Nxd5 {[%clk 00:22:08]} {[%emt 00:00:42]} 26. Nxd5 {[%clk
00:47:29]} {[%emt 00:00:19]} Rxd5 {[%clk 00:22:33]} {[%emt 00:00:05]} 27. Bc3
{[%clk 00:47:37]} {[%emt 00:00:22]} Kf8 {[%clk 00:22:38]} {[%emt 00:00:25]} 28.
Bf6 {[%clk 00:46:57]} {[%emt 00:01:10]} Rf5 {[%clk 00:20:00]} {[%emt 00:03:08]}
29. Be7+ {[%clk 00:46:16]} {[%emt 00:01:10]} Kg8 {[%clk 00:20:25]} {[%emt
00:00:05]} 30. Bxd6 {[%clk 00:46:07]} {[%emt 00:00:39]} Rd8 {[%clk 00:20:40]}
{[%emt 00:00:16]} 31. Rad1 {[%clk 00:45:47]} {[%emt 00:00:50]} g5 {[%clk
00:18:27]} {[%emt 00:02:42]} 32. hxg5 {[%clk 00:45:22]} {[%emt 00:00:54]} Rxg5
{[%clk 00:18:48]} {[%emt 00:00:10]} 33. Be7 {[%clk 00:44:46]} {[%emt 00:01:04]}
Rxd1 {[%clk 00:17:17]} {[%emt 00:02:02]} 34. Rxd1 {[%clk 00:45:10]} {[%emt
00:00:04]} Rg4 {[%clk 00:17:17]} {[%emt 00:00:32]} 35. a5 {[%clk 00:43:15]}
{[%emt 00:02:25]} Ra4 {[%clk 00:15:35]} {[%emt 00:02:12]} 36. Bd8 {[%clk
00:41:32]} {[%emt 00:02:13]} Rb4 {[%clk 00:15:13]} {[%emt 00:00:52]} 37. Rd5
{[%clk 00:41:46]} {[%emt 00:00:14]} c4 {[%clk 00:14:31]} {[%emt 00:01:13]} 38.
Rxh5 {[%clk 00:41:17]} {[%emt 00:00:59]} Kg7 {[%clk 00:14:12]} {[%emt
00:00:49]} 39. Rh4 {[%clk 00:39:35]} {[%emt 00:02:12]} f5 {[%clk 00:11:47]}
{[%emt 00:02:56]} 40. b3 {[%clk 00:39:25]} {[%emt 00:00:39]} Rxb3 {[%clk
00:12:09]} {[%emt 00:00:08]} 41. Rxc4 {[%clk 00:39:49]} {[%emt 00:00:06]} Kf7
{[%clk 00:11:39]} {[%emt 00:01:00]} 42. Bb6 {[%clk 00:39:50]} {[%emt 00:00:28]}
Ke6 {[%clk 00:11:49]} {[%emt 00:00:23]} 43. Rc7 {[%clk 00:39:57]} {[%emt
00:00:22]} Rb1+ {[%clk 00:10:20]} {[%emt 00:01:59]} 44. Kh2 {[%clk 00:39:08]}
{[%emt 00:01:19]} f4 {[%clk 00:10:43]} {[%emt 00:00:07]} 45. Rc3 {[%clk
00:38:25]} {[%emt 00:01:12]} Rb5 {[%clk 00:08:16]} {[%emt 00:02:57]} 46. Rf3
{[%clk 00:38:29]} {[%emt 00:00:24]} Rh5+ {[%clk 00:07:36]} {[%emt 00:01:12]} 47.
Kg1 {[%clk 00:38:45]} {[%emt 00:00:14]} Rh4 {[%clk 00:07:12]} {[%emt 00:00:54]}
48. Bc7 {[%clk 00:38:43]} {[%emt 00:00:31]} Kf5 {[%clk 00:07:02]} {[%emt
00:00:41]} 49. Rxf4+ {[%clk 00:38:22]} {[%emt 00:00:50]} Rxf4 {[%clk 00:07:20]}
{[%emt 00:00:13]} 50. Bxf4 {[%clk 00:38:50]} {[%emt 00:00:03]} Kxf4 {[%clk
00:07:39]} {[%emt 00:00:11]} 51. Kf2 {[%clk 00:39:17]} {[%emt 00:00:02]} Kg4
{[%clk 00:06:36]} {[%emt 00:01:33]} 52. g3 {[%clk 00:39:43]} {[%emt 00:00:05]}
Kf5 {[%clk 00:05:56]} {[%emt 00:01:10]} 53. Kf3 {[%clk 00:40:00]} {[%emt
00:00:13]} Ke5 {[%clk 00:06:21]} {[%emt 00:00:05]} 54. g4 {[%clk 00:40:23]}
{[%emt 00:00:07]} Kd5 {[%clk 00:06:43]} {[%emt 00:00:08]} 55. g5 {[%clk
00:40:42]} {[%emt 00:00:11]} Kc5 {[%clk 00:07:02]} {[%emt 00:00:11]} 56. g6
{[%clk 00:40:58]} {[%emt 00:00:14]} Kb5 {[%clk 00:07:24]} {[%emt 00:00:07]} 57.
g7 {[%clk 00:41:24]} {[%emt 00:00:04]} Kxa5 {[%clk 00:07:49]} {[%emt 00:00:05]}
58. g8=Q {[%clk 00:41:47]} {[%emt 00:00:07]} b5 {[%clk 00:08:09]} {[%emt
00:00:11]} 59. Ke3 {[%clk 00:42:12]} {[%emt 00:00:05]} b4 {[%clk 00:08:31]}
{[%emt 00:00:08]} 60. Kd3 {[%clk 00:42:38]} {[%emt 00:00:03]} Ka4 {[%clk
00:08:56]} {[%emt 00:00:05]} 61. Kc2 {[%clk 00:42:36]} {[%emt 00:00:32]} a5
{[%clk 00:09:17]} {[%emt 00:00:10]} 62. Qc4 {[%clk 00:42:59]} {[%emt 00:00:05]}
Ka3 {[%clk 00:09:35]} {[%emt 00:00:12]} 63. Qb3# {[%clk 00:42:50]} {[%emt
00:00:04]} 1-0

[Event "25th 4NCL Congress"]
[Site "Leamington Spa, United Kingdom"]
[Date "2021.07.10"]
[Round "3.13"]
[White "Starley, Robert"]
[Black "Kesterson, Kennan"]
[Result "1/2-1/2"]
[TimeControl "All moves in 90 minutes + 30 seconds per move"]
[WhiteElo "2084"]
[BlackElo "1801"]

1. e4 {[%clk 01:30:57]} {[%emt 00:00:02]} e6 {[%clk 01:30:56]} {[%emt
00:00:04]} 2. d4 {[%clk 01:31:24]} {[%emt 00:00:04]} d5 {[%clk 01:31:22]}
{[%emt 00:00:04]} 3. Nc3 {[%clk 01:31:48]} {[%emt 00:00:06]} Bb4 {[%clk
01:31:47]} {[%emt 00:00:05]} 4. e5 {[%clk 01:32:11]} {[%emt 00:00:07]} c5
{[%clk 01:32:09]} {[%emt 00:00:08]} 5. a3 {[%clk 01:32:37]} {[%emt 00:00:04]}
Bxc3+ {[%clk 01:32:28]} {[%emt 00:00:10]} 6. bxc3 {[%clk 01:33:03]} {[%emt
00:00:05]} Ne7 {[%clk 01:32:51]} {[%emt 00:00:08]} 7. h4 {[%clk 01:33:11]}
{[%emt 00:00:22]} Qc7 {[%clk 01:33:09]} {[%emt 00:00:11]} 8. h5 {[%clk
01:33:33]} {[%emt 00:00:08]} h6 {[%clk 01:31:42]} {[%emt 00:01:57]} 9. Nf3
{[%clk 01:33:29]} {[%emt 00:00:33]} Nbc6 {[%clk 01:31:55]} {[%emt 00:00:17]} 10.
Rh4 {[%clk 01:32:46]} {[%emt 00:01:12]} Nf5 {[%clk 01:31:19]} {[%emt 00:01:07]}
11. Rg4 {[%clk 01:32:59]} {[%emt 00:00:16]} Bd7 {[%clk 01:28:08]} {[%emt
00:03:42]} 12. Bd2 {[%clk 01:30:57]} {[%emt 00:02:32]} O-O-O {[%clk 01:26:47]}
{[%emt 00:01:50]} 13. Bd3 {[%clk 01:29:46]} {[%emt 00:01:42]} Rhg8 {[%clk
01:26:06]} {[%emt 00:01:10]} 14. Qe2 {[%clk 01:27:39]} {[%emt 00:02:38]} Na5
{[%clk 01:22:15]} {[%emt 00:04:20]} 15. dxc5 {[%clk 01:24:09]} {[%emt
00:04:01]} Qxc5 {[%clk 01:18:38]} {[%emt 00:04:07]} 16. Nd4 {[%clk 01:23:49]}
{[%emt 00:00:49]} Kb8 {[%clk 01:16:52]} {[%emt 00:02:16]} 17. Kf1 {[%emt
00:07:51]} Nc4 {[%clk 01:12:36]} 18. Bxc4 {[%clk 01:19:37]} {[%emt 00:02:07]}
Qxc4 {[%clk 01:12:37]} {[%emt 00:00:29]} 19. Qxc4 {[%clk 01:18:44]} {[%emt
00:01:23]} dxc4 {[%clk 01:13:05]} {[%emt 00:00:02]} 20. Rb1 {[%clk 01:18:42]}
{[%emt 00:00:33]} Ba4 {[%clk 01:11:35]} {[%emt 00:02:00]} 21. Rb2 {[%clk
01:12:56]} {[%emt 00:06:16]} a6 {[%clk 01:04:05]} {[%emt 00:08:00]} 22. Ke1
{[%clk 01:11:38]} {[%emt 00:01:48]} Rd5 {[%clk 00:44:16]} {[%emt 00:20:18]} 23.
Nxf5 {[%clk 01:04:00]} {[%emt 00:08:09]} exf5 {[%clk 00:44:34]} {[%emt
00:00:12]} 24. Rxc4 {[%clk 01:04:15]} {[%emt 00:00:15]} Bb5 {[%clk 00:44:28]}
{[%emt 00:00:36]} 25. Rd4 {[%clk 01:02:48]} {[%emt 00:01:57]} Rxe5+ {[%clk
00:43:54]} {[%emt 00:01:03]} 26. Kd1 {[%clk 01:02:39]} {[%emt 00:00:39]} Re4
{[%clk 00:42:19]} {[%emt 00:02:06]} 27. f3 {[%clk 01:01:28]} {[%emt 00:01:40]}
Rxd4 {[%clk 00:36:19]} {[%emt 00:06:30]} 28. cxd4 {[%clk 01:01:52]} {[%emt
00:00:06]} Re8 {[%clk 00:35:55]} {[%emt 00:00:54]} 29. c3 {[%clk 01:00:23]}
{[%emt 00:01:59]} Kc8 {[%clk 00:33:24]} {[%emt 00:03:01]} 30. Bf4 {[%clk
00:59:42]} {[%emt 00:01:11]} Ba4+ {[%clk 00:32:23]} {[%emt 00:01:31]} 31. Kd2
{[%clk 00:59:30]} {[%emt 00:00:41]} Bb5 {[%clk 00:32:22]} {[%emt 00:00:32]} 32.
Be3 {[%clk 00:58:02]} {[%emt 00:01:58]} f4 {[%clk 00:32:11]} {[%emt 00:00:41]}
33. Bxf4 {[%clk 00:58:19]} {[%emt 00:00:13]} Re2+ {[%clk 00:32:34]} {[%emt
00:00:07]} 34. Kc1 {[%clk 00:58:41]} {[%emt 00:00:06]} Rxb2 {[%clk 00:32:59]}
{[%emt 00:00:06]} 35. Kxb2 {[%clk 00:59:07]} {[%emt 00:00:04]} Bf1 {[%clk
00:32:50]} {[%emt 00:00:42]} 36. g3 {[%clk 00:58:31]} {[%emt 00:01:04]} Be2
{[%clk 00:33:06]} {[%emt 00:00:13]} 37. Be5 {[%clk 00:58:31]} {[%emt 00:00:30]}
f6 {[%clk 00:26:27]} {[%emt 00:07:09]} 38. Bd6 {[%clk 00:58:55]} {[%emt
00:00:07]} Bxf3 {[%clk 00:26:52]} {[%emt 00:00:05]} 39. Bf8 {[%clk 00:59:19]}
{[%emt 00:00:05]} Bxh5 {[%clk 00:27:17]} {[%emt 00:00:05]} 40. Bxg7 {[%clk
00:59:44]} {[%emt 00:00:05]} Bf7 {[%clk 00:27:09]} {[%emt 00:00:38]} 41. Bxf6
{[%clk 00:59:40]} {[%emt 00:00:34]} b5 {[%clk 00:25:24]} {[%emt 00:02:15]} 42.
Kc2 {[%clk 00:59:48]} {[%emt 00:00:22]} h5 {[%clk 00:22:41]} {[%emt 00:03:14]}
43. Kd3 {[%clk 00:59:57]} {[%emt 00:00:21]} Kd7 {[%clk 00:22:55]} {[%emt
00:00:15]} 44. Ke4 {[%clk 00:59:59]} {[%emt 00:00:28]} Kc6 {[%clk 00:23:00]}
{[%emt 00:00:25]} 45. Ke5 {[%clk 00:59:50]} {[%emt 00:00:39]} a5 {[%clk
00:21:56]} {[%emt 00:01:34]} 46. Be7 {[%clk 00:51:36]} {[%emt 00:08:44]} a4
{[%clk 00:21:44]} {[%emt 00:00:42]} 47. Kf6 {[%clk 00:51:50]} {[%emt 00:00:16]}
Bc4 {[%clk 00:21:18]} {[%emt 00:00:55]} 48. Ke5 {[%clk 00:51:22]} {[%emt
00:01:00]} Bf7 {[%clk 00:21:07]} {[%emt 00:00:40]} 49. Bb4 {[%clk 00:51:15]}
{[%emt 00:00:38]} Bc4 {[%clk 00:21:18]} {[%emt 00:00:18]} 50. Kf6 {[%clk
00:51:27]} {[%emt 00:00:19]} Kd5 {[%clk 00:20:52]} {[%emt 00:00:55]} 51. Ke7
{[%clk 00:51:45]} {[%emt 00:00:13]} Bd3 {[%clk 00:21:06]} {[%emt 00:00:16]} 52.
Kd7 {[%clk 00:51:54]} {[%emt 00:00:21]} Bc4 {[%clk 00:21:21]} {[%emt 00:00:14]}
53. Kc7 {[%clk 00:52:13]} {[%emt 00:00:13]} Bd3 {[%clk 00:21:40]} {[%emt
00:00:10]} 54. Kb6 {[%clk 00:52:34]} {[%emt 00:00:09]} Bc4 {[%clk 00:21:58]}
{[%emt 00:00:12]} 55. Kc7 {[%clk 00:52:10]} 1/2-1/2